000 00386nam a2200109Ia 4500
008 171211s9999 xx 000 0 und d
245 _aSoftware Engineering for Collective Autonomic Systems: The ASCENS Approach
245 _cMartin Wirsing, Matthias Hölzl, and Nora Koch
260 _c2015
650 _xINFORMATION TECHNOLOGIES
856 _uhttp://down.ebook777.com/063/3319163094.pdf
999 _c349716
_d349716